NAISE CONTROL IN BUILDINGS (Record no. 24907)

MARC details
000 -LEADER
fixed length control field 00333nam a22001457a 4500
003 - CONTROL NUMBER IDENTIFIER
control field SGT
020 ## - INTERNATIONAL STANDARD BOOK NUMBER
International Standard Book Number 9788194873429
082 ## - DEWEY DECIMAL CLASSIFICATION NUMBER
Classification number 624,SIN
100 ## - MAIN ENTRY--PERSONAL NAME
Personal name SINGH MAHAVIR
245 ## - TITLE STATEMENT
Title NAISE CONTROL IN BUILDINGS
260 ## - PUBLICATION, DISTRIBUTION, ETC. (IMPRINT)
Place of publication, distribution, etc NEW DELHI
Name of publisher, distributor, etc NAROSA PUB. HOUSE
Year of Publication 2014
300 ## - PAGE DESCRIPTION
No. of Pages 2014
650 ## - SUBJECT ADDED ENTRY--TOPICAL TERM
Topical term or geographic name as entry element CIVIL ENGINEERING
942 ## - ADDED ENTRY ELEMENTS (KOHA)
Source of classification or shelving scheme Dewey Decimal Classification
Koha item type Books
942 ## - ADDED ENTRY ELEMENTS (KOHA)
-- 2
Holdings
Withdrawn status Lost status Source of classification or shelving scheme Damaged status Use restrictions Not for loan Collection code Home library Current library Shelving location Date acquired Vendor Name Cost, normal purchase price SGTU Bill Number Full call number Accession No. (Barcode) Date last seen Bill Date Koha item type Total Checkouts Date last borrowed
    Dewey Decimal Classification   Restricted Access   ENGINEERING SGT Engineering Library SGT Engineering Library Reference Book 31/08/2023 AHUJA BOOK COMPANY 330.00 SGTU 16906 624,SIN FE8604 31/08/2023 16/06/2023 Books    
    Dewey Decimal Classification       ENGINEERING SGT Engineering Library SGT Engineering Library Text Book 31/08/2023 AHUJA BOOK COMPANY 330.00 SGTU 16906 624,SIN FE8605 10/10/2024 16/06/2023 Books 2 10/10/2024